|
|
|
|
| LEADER |
00000nab a2200000 a 4500 |
| 001 |
vtls000275920 |
| 003 |
SK-MaSNL |
| 005 |
20260304120856.0 |
| 008 |
250422c1986 xo 0 slo |
| 015 |
|
|
|a SNBRB19rr/mm-uuuuu
|
| 035 |
|
|
|a CL0286034
|
| 035 |
|
|
|a urn:nbn:sk:snk-ab2mvj
|
| 035 |
|
|
|a (urnnbn)urn:nbn:sk:snk:ar-a02nl0
|
| 035 |
|
|
|a (uuid)d7ddb883-c89a-4ab8-ab6c-6199e7023dfc
|
| 040 |
|
|
|a SNKBUCL
|b slo
|c SNKBUCL
|e AACR2
|
| 041 |
0 |
|
|a slo
|
| 044 |
|
|
|a xo
|c SK
|
| 080 |
|
|
|a 730.027.034.8:061.4
|2 1981
|
| 080 |
|
|
|a 061.4
|2 1981
|
| 100 |
1 |
|
|a Keletiová, Magda,
|d 1943-
|4 aut
|9 220296
|
| 245 |
1 |
0 |
|a Volk P. a kol.: Bayerische Rokokoplastik. Vom Entwurt zur Ausführung
|c Magda Keletiová
|
| 650 |
0 |
7 |
|a plastika (sochárstvo)
|2 snkbucl
|9 161130
|
| 650 |
0 |
7 |
|a rokoko (umenie)
|2 snkbucl
|9 80560
|
| 651 |
|
7 |
|a Bavorsko (Nemecko)
|2 snkbucl
|9 51233
|
| 655 |
|
7 |
|a články z novín a časopisov
|2 snkbucl
|9 267496
|
| 773 |
0 |
|
|t Múzeum
|g Roč. 31, č. 1 (1986), s. 84
|
| 787 |
0 |
8 |
|i Rec.:
|a Volk, P.
|t Bayerische Rokokoplastik. Vom Entwurt zur Ausführung
|d Mníchov - Zürich, 1985
|
| 850 |
|
|
|a Slovenská národná knižnica
|
| 852 |
|
|
|a Slovenská národná knižnica
|
| 954 |
|
|
|a odborná, vedecká literatúra pôvodná (slovenská)
|2 lita
|
| 958 |
|
|
|a article27
|
| 958 |
|
|
|a OND
|
| 958 |
|
|
|a EUIPO
|
| 992 |
|
|
|a RBX
|
| 999 |
|
|
|c 2882017
|d 2883947
|